Countries With The Best Infrastructure. - Statistics

General Stats
  • This quiz has been taken 100 times
  • The average score is 18 of 20
Answer Stats
Rank Country % Correct
20 Canada
98%
7 United States Of America
98%
1 Germany
96%
8 United Kingdom
96%
2 Japan
95%
18 Spain
95%
4 Netherlands
93%
12 France
92%
17 Italy
92%
3 Sweden
92%
15 Australia
91%
14 Belguim
91%
16 Denmark
87%
13 New Zealand
87%
5 Austria
86%
11 Finland
85%
9 Switzerland
85%
19 China
82%
6 Singapore
76%
10 United Arab Emirates
61%
No matching quizzes found
Score Distribution
Percent of People with Each Score
Percentile by Number Answered
Your Score History
You have not taken this quiz